[Event "BCF-chT4b 0405 (4NCL)"]
[Site "Telford"]
[Date "2005.05.29"]
[Round "10.5"]
[White "Cavalcanti, Christian"]
[Black "Digger, Derek"]
[Result "1-0"]
[WhiteElo "2000"]
[BlackElo "1685"]
[PlyCount "85"]
[EventDate "2004.11.06"]
[EventType "team"]
[EventRounds "11"]
[EventCountry "ENG"]
[SourceTitle "EXT 2006"]
[Source "ChessBase"]
[SourceDate "2005.11.24"]
[SourceVersion "1"]
[SourceVersionDate "2005.11.24"]
[SourceQuality "1"]
[WhiteTeam "Metropolitan"]
[BlackTeam "Halesowen"]
[WhiteTeamCountry "ENG"]
[BlackTeamCountry "ENG"]

1. e4 d6 2. d4 Nf6 3. Nc3 g6 4. Nf3 Bg7 5. Be2 0-0 6. 0-0 c5 7. h3 cxd4 8. Nxd4 Nc6 9. Be3 Nxd4 10. Bxd4 b6 11. Qd2 Bb7 12. f3 Rc8 13. Rad1 a6 14. Qe3 b5 15. e5 Nd5 16. Nxd5 Bxd5 17. Bb6 Qd7 18. Rxd5 Rxc2 19. Rd2 Rc6 20. Bd4 Rfc8 21. Bc3 d5 22. a4 Rc5 23. axb5 axb5 24. Bd4 Rc1 25. Rxc1 Rxc1+ 26. Rd1 Rc7 27. Rc1 Rb7 28. Qc3 e6 29. Qc8+ Bf8 30. Qxd7 Rxd7 31. Rc8 Kg7 32. Bxb5 Rb7 33. Bc6 Rb4 34. Bc3 Rc4 35. Bd7 Rxc8 36. Bxc8 Bc5+ 37. Kf1 Kh6 38. b4 Bb6 39. Ke2 Kg5 40. Bd2+ Kf5 41. f4 Ke4 42. Ba6 h5 43. Bd3+ 1-0